| 000 | 00321nam a22000977a 4500 | ||
|---|---|---|---|
| 008 | 150619t xxu||||| |||| 00| 0 eng d | ||
| 100 |
_aHafiz fawad Khalid-sup-Dr. Sheeba Murad Mall _91001 |
||
| 245 |
_aTH-BS-Isolation of a bacteriophage against poultry isolates of salmonella pollorum _hThesis |
||
| 300 | _a84 | ||
| 942 |
_2ddc _cCR |
||
| 999 |
_c17270 _d17270 |
||